Culturas virtuales
Uloženo v:
| Hlavní autor: | |
|---|---|
| Médium: | Kniha |
| Jazyk: | španělština |
| Vydáno: |
Madrid
Biblioteca Nueva
2001
|
| Edice: | Colección Metrópoli. Los Espacios de la Arquitectura
|
| Témata: | |
| Tagy: |
Přidat tag
Žádné tagy, Buďte první, kdo vytvoří štítek k tomuto záznamu!
|
MARC
| LEADER | 00000nam a2200000 a 4500 | ||
|---|---|---|---|
| 001 | UCK1021 | ||
| 003 | CL-VaPUC | ||
| 008 | 041029e20010000SP |||||||||||||||||spa|d | ||
| 020 | |a 847030920X | ||
| 082 | 0 | 4 | |a 306 |b SUB |2 21 |
| 100 | 0 | |a Subirats, Eduardo |e author |9 488844 | |
| 245 | 1 | 0 | |a Culturas virtuales |
| 300 | |a 186 p | ||
| 942 | |c BK | ||
| 945 | |d 20041029 00:00:00 |a cmena | ||
| 260 | |a Madrid |b Biblioteca Nueva |c 2001 | ||
| 650 | 0 | |a Cultura |9 269059 | |
| 650 | 0 | |a Cambio social |9 256857 | |
| 650 | 0 | |a Medios de comunicación |9 257206 | |
| 650 | 0 | |a Psicología social |9 222894 | |
| 583 | |a last modification |c 20041029 00:00:00 |k Rodrigo Vera | ||
| 490 | 0 | |a Colección Metrópoli. Los Espacios de la Arquitectura | |
| 999 | |c 311156 |d 311154 | ||
| 952 | |0 0 |1 0 |4 0 |6 306_000000000000000_SUB_2001 |7 0 |8 A |9 380433 |a BIBARQ |b BIBARQ |d 2019-11-21 |i 4073029 |l 3 |m 2 |o 306 SUB 2001 |p 4073029 |r 2025-01-20 |s 2022-06-06 |w 2019-11-21 |y BK |k ARQ | ||